Vergangenes Unrecht
| Titel: | Vergangenes Unrecht : Entschädigung und Restitution in einer globalen Perspektive / Berthold Unfried |
|---|---|
| Verfasser: | |
| Veröffentlicht: | Göttingen : Wallstein, 2014 |
| Umfang: | 541 Seiten |
| Format: | Buch |
| Sprache: | Deutsch |
| RVK-Notation: | |
| ISBN: | 3835315315 ; 9783835315310 |
| Hinweise zum Inhalt: |
Inhaltsverzeichnis
Inhaltstext |
alg: 34293931 001A $00004:07-07-14 001B $01999:21-06-24 $t12:04:32.000 001D $00043:04-09-14 001U $0utf8 001X $00 002@ $0Aau 002C $aText $btxt $2rdacontent 002D $aohne Hilfsmittel zu benutzen $bn $2rdamedia 002E $aBand $bnc $2rdacarrier 003@ $0342939319 003O $0887694109 $aOCoLC 004A $03-8353-1531-5 004A $A978-3-8353-1531-0 $fGb. : ca. EUR 46.00 (DE), ca. EUR 47.30 (AT), ca. sfr 59.20 (freier Pr.) 004K $09783835315310 006G $01050617460 006H $0TOCNEUA1435 $2DNB 006L $0HT018266747 $2HBZ 006T $014,N20 006U $014,A48 $f20140502 007A $01050617460 $aDNB 009P $qapplication/pdf $A2 $3Inhaltsverzeichnis $uhttp://d-nb.info/1050617460/04 $mB:DE-101 009P $qtext/html $A2 $3Inhaltstext $uhttp://deposit.dnb.de/cgi-bin/dokserv?id=4654843&prov=M&dok_var=1&dok_ext=htm $mX:MVB 010@ $ager 011@ $a2014 $n2014 021A $aVergangenes Unrecht $dEntschädigung und Restitution in einer globalen Perspektive $hBerthold Unfried 028A $BVerfasser $4aut $7120867648 $8Unfried, Berthold$Z1960- [Tp1] $9152377271 033A $pGöttingen $nWallstein 034D $a541 Seiten 037A $aLiteraturverzeichnis Seite 519-541 039U $aRezensiert in $8--Aou--Borggräfe, Henning [Tnd]. Materielle Bewältigung historischen Unrechts, 2015 $9419574522 039U $aRezensiert in $8--Oou--Ludi, Regula$Z1965- [Tp3]. [Berthold Unfried: Vergangenes Unrecht], 2016. - DOI 10.1515/hzhz-2016-0087 $9475858603 044K $qDNB $RNationalsozialismus $#Germany History 1933-1945 $#Politique et gouvernement Allemagne 1933-1945 $#Alemania Historia 1933-1945 $#Drittes Reich $74013021-6 $8Drittes Reich [Ts1] $9085028568 044K $qDNB $REigentumsentziehung $REnteignung $REinziehung $#Confiscations $#Confiscations $#Konfiszierung $74164950-3 $8Konfiskation [Ts1] $9085737135 044K $qDNB $REigentumsentziehung $RKonfiskation $REnteignender Eingriff $REnteignungsgleicher Eingriff $RMaterielle Enteignung $#Eminent domain $#Expropriation $#Espropriazione $#Expropiación forzosa $#expropriation $#Enteignung $#Enteignung $#Enteignung $#Enteignungsrecht $#Expropriation $74014843-9 $8Enteignung [Ts1] $9085033626 044K $qDNB $#Cultural property Repatriation $#Patrimoine culturel Restitution $#Patrimonio cultural Restitución $#Restitution $#Rückgabe Kulturpolitik $#Rückführung Kulturpolitik $#Kulturrestitution $74322105-1 $8Restitution$gKulturpolitik [Ts1] $9086777335 044K $qDNB $RSchadensersatz $#Entschädigung $#Entschädigungsrecht $#Entschädigungsleistung $74014900-6 $8Entschädigung [Ts1] $9085033790 044K $RJudentum $RIsraeliten $RStämme Israels $#Jude $74028808-0 $8Juden [Ts1] $9085075922 044K $ROpferentschädigung $#Reparation (Criminal justice) $#Réparation (droit) $#Wiedergutmachung $74136959-2 $8Wiedergutmachung [Ts1] $9085511293 044K $RRückforderung $RRückgabe $#Restitution Rückerstattung $#Rückgewährquote $#Rückübertragung $#Rückübereignung $74178639-7 $8Rückerstattung [Ts1] $9085847224 045E $c340 $c940 045F $a341.66 $eDDC22ger 045F/01 $a341.66 045G $a940.5318144 $eDDC22ger 045G/01 $a940.5318144 045R $aGeschichte 1990 - 045Z $8NQ 6175 [Tkv] $9410916749 lok: 34293931 3 101B $015-12-16 $t16:15:56.000 101C $020-11-14 101U $0utf8 144Z/20 $aj14nov 145S/01 $a770 145S/02 $a009 145Z/01 $a900 T 100 De 5593 145Z/02 $a900 Og 0500 exp: 34293931 3 1 #EPN 201B/01 $018-04-18 $t15:54:29.000 201C/01 $017-11-14 201U/01 $0utf8 203@/01 $0744225329 208@/01 $a20-11-14 $bzAa 209A/01 $a90.369.47 $du $f000 $h90 369 47 $x00 209G/01 $a90369474 $x00 247C/01 $8601000-3 <30>Frankfurt, Universitätsbibliothek J. C. Senckenberg, Zentralbibliothek (ZB) $9102598258 lok: 34293931 11 exp: 34293931 11 1 #EPN 201B/01 $004-09-14 $t14:15:26.000 201C/01 $021-08-14 201U/01 $0utf8 203@/01 $0739141457 208@/01 $a04-09-14 $bz 209A/01 $a60 14 A 4224 $du $f100 $x00 209B/01 $a020/1409 $x05 209G/01 $a83363169 $x00 247C/01 $8620100-3 <43>Wiesbaden, Hochschul- und Landesbibliothek RheinMain, Rheinstraße $9102599572 lok: 34293931 23 exp: 34293931 23 1 #EPN 201B/01 $025-10-24 $t12:54:38.000 201C/01 $017-11-14 201U/01 $0utf8 203@/01 $0744235960 208@/01 $a08-12-14 $bz 209A/01 $a35 NQ 6175 U56 $du $f030 $hNQ 6175 U56 $x00 209A/01 $a35 2014 A 2227 $h2014 A 2227 $x09 209G/01 $a27181996 $x00 247C/01 $8352030-4 <34/30>Kassel, UB Kassel, Standort Brüder-Grimm-Platz, Landesbibliothek und Murhardsche Bibliothek der Stadt Kassel $9102599475 lok: 34293931 25 101B $010-02-16 $t08:52:45.000 101C $010-02-16 101U $0utf8 145S/01 $a540zb exp: 34293931 25 1 #EPN 201B/01 $019-02-16 $t09:49:23.000 201C/01 $010-02-16 201U/01 $0utf8 203@/01 $0768358388 208@/01 $a19-02-16 $bzu 209A/01 $a275.517 $du $f000 $x00 209G/01 $a16602685 $x00 209G/01 $aFREIHAND $x01 247C/01 $8651000-0 <77>Mainz, Universität Mainz, Zentralbibliothek $9102599602 lok: 34293931 78 exp: 34293931 78 1 #EPN 201B/01 $001-11-17 $t13:06:13.000 201C/01 $001-11-17 201U/01 $0utf8 203@/01 $01009198076 208@/01 $a01-11-17 $be 209A/01 $a/ $f000 $x00 209A/01 $ab*p $x01 220C/01 $apgar 244Z/01 $#Ostmitteleuropa $#Ostmitteleuropa $#Mitteleuropa, Ost $#Central Europe Ostmitteleuropa $#Mittelosteuropa $74075753-5 $8--Tg1--Ostmitteleuropa $x01 $9085214485 247C/01 $82080>Marburg/Lahn, Herder-Institut, Forschungsbibliothek, Bibliographieportal $9336309341 lok: 34293931 205 exp: 34293931 205 1 #EPN 201B/01 $020-08-19 $t13:06:46.000 201C/01 $007-07-14 201U/01 $0utf8 203@/01 $0734414870 208@/01 $a10-10-14 $bz 209A/01 $a001 NZN S 14860 $db $f000 $x00 209B/01 $a80 $x05 209C/01 $a8 2014/00546 209G/01 $a55966320 $x00 209G/01 $aFreihandbereich $x01 220B/01 $aaltbik403 247C/01 $8351000-1 <4>Marburg, Universität Marburg, Universitätsbibliothek $9102594767
| LEADER | 00000cam a2200000 c 4500 | ||
|---|---|---|---|
| 001 | 342939319 | ||
| 003 | DE-603 | ||
| 005 | 20240621120432.0 | ||
| 007 | tu | ||
| 008 | 140707s2014 xx |||| | u00||u|ger | ||
| 015 | |a 14,A48 |z 14,N20 |2 dnb | ||
| 016 | 7 | |2 DE-101 |a 1050617460 | |
| 020 | |a 3835315315 | ||
| 020 | |a 9783835315310 |c Gb. : ca. EUR 46.00 (DE), ca. EUR 47.30 (AT), ca. sfr 59.20 (freier Pr.) | ||
| 024 | 3 | |a 9783835315310 | |
| 035 | |a (DE-599)DNB1050617460 | ||
| 035 | |a (DE-605)HT018266747 | ||
| 035 | |a (OCoLC)887694109 | ||
| 040 | |a DE-603 |b ger |c DE-603 |d DE-603 | ||
| 041 | |a ger | ||
| 082 | 0 | 4 | |8 1\u |a 341.66 |q DE-101 |2 22/ger |
| 083 | 0 | |8 2\u |a 940.5318144 |q DE-101 |2 22/ger | |
| 084 | |a 340 |a 940 |q DE-101 |2 sdnb | ||
| 084 | |a NQ 6175 |0 (DE-625)128703: |0 (DE-603)410916749 |2 rvk | ||
| 085 | |8 1\u |b 341.66 | ||
| 085 | |8 2\u |b 940.5318144 | ||
| 100 | 1 | |a Unfried, Berthold |d 1960- |e Verfasser |4 aut |0 (DE-603)152377271 |0 (DE-588)120867648 |2 gnd | |
| 245 | 0 | 0 | |a Vergangenes Unrecht |b Entschädigung und Restitution in einer globalen Perspektive |c Berthold Unfried |
| 264 | 1 | |a Göttingen |b Wallstein |c 2014 | |
| 300 | |a 541 Seiten | ||
| 336 | |a Text |b txt |2 rdacontent | ||
| 337 | |a ohne Hilfsmittel zu benutzen |b n |2 rdamedia | ||
| 338 | |a Band |b nc |2 rdacarrier | ||
| 500 | |a Literaturverzeichnis Seite 519-541 | ||
| 648 | 7 | |a Geschichte 1990 - |2 gnd | |
| 650 | 7 | |a Drittes Reich |0 (DE-588)4013021-6 |0 (DE-603)085028568 |2 gnd | |
| 650 | 7 | |a Konfiskation |0 (DE-588)4164950-3 |0 (DE-603)085737135 |2 gnd | |
| 650 | 7 | |a Enteignung |0 (DE-588)4014843-9 |0 (DE-603)085033626 |2 gnd | |
| 650 | 7 | |a Restitution |g Kulturpolitik |0 (DE-588)4322105-1 |0 (DE-603)086777335 |2 gnd | |
| 650 | 7 | |a Entschädigung |0 (DE-588)4014900-6 |0 (DE-603)085033790 |2 gnd | |
| 650 | 7 | |a Juden |0 (DE-588)4028808-0 |0 (DE-603)085075922 |2 gnd | |
| 650 | 7 | |a Wiedergutmachung |0 (DE-588)4136959-2 |0 (DE-603)085511293 |2 gnd | |
| 650 | 7 | |a Rückerstattung |0 (DE-588)4178639-7 |0 (DE-603)085847224 |2 gnd | |
| 787 | 0 | 8 | |i Rezensiert in |a Borggräfe, Henning |t Materielle Bewältigung historischen Unrechts |w (DE-603)419574522 |
| 787 | 0 | 8 | |i Rezensiert in |a Ludi, Regula, 1965- |t [Berthold Unfried: Vergangenes Unrecht] |o 10.1515/hzhz-2016-0087 |w (DE-603)475858603 |
| 856 | 4 | 2 | |m B:DE-101 |q application/pdf |u http://d-nb.info/1050617460/04 |3 Inhaltsverzeichnis |
| 856 | 4 | 2 | |m X:MVB |q text/html |u http://deposit.dnb.de/cgi-bin/dokserv?id=4654843&prov=M&dok_var=1&dok_ext=htm |3 Inhaltstext |
| 924 | 0 | |9 30 |a (DE-603)744225329 |b DE-30 |c HES |d c |g 90.369.47 | |
| 924 | 0 | |9 43 |a (DE-603)739141457 |b DE-43 |c HES |d c |g 60 14 A 4224 | |
| 924 | 0 | |9 34/30 |a (DE-603)744235960 |b DE-34-30 |c HES |d c |g 35 NQ 6175 U56 |i 35 2014 A 2227 | |
| 924 | 0 | |9 77 |a (DE-603)768358388 |b DE-77 |c HES |d c |g 275.517 |h FREIHAND | |
| 924 | 0 | |9 2080 |a (DE-603)1009198076 |b DE-2080 |c HES |d d |g / | |
| 924 | 0 | |9 4 |a (DE-603)734414870 |b DE-4 |c HES |d c |g 001 NZN S 14860 |h Freihandbereich | |


